000 00447nam a2200169Ia 4500
003 GCL
008 140319s9999 xx 000 0 ara d
040 _aGCL /
_cGCL
082 0 4 _aط
_b813.02
_bش ا
100 1 _aشاكر حموده
245 1 0 _aام النهر /
_cشاكر حموده
490 _aالسلسلة القصصية
_v0
650 0 4 _aالاطفال
650 0 4 _aالقصص
650 0 4 _aقصص الاطفال
942 _2ddc
_cBK
999 _c42717
_d42717